00655 2200205 4500001002100000008004100021035002000062245013800082100002200220250001000242260004300252300002800295020002200323084001600345520002900361082001000390650002500400990001200425990001200437INLIS000000000015211 ind  a0010-1222000290 aTinta Emas Sejarah: Perseteruan Ahlul Haq Melawan Ahlul Bathil Sejak Nabi Adam Hingga Abad 14 HcRachmad Abdullah;editor; Abu Ibrahim aRACHMAD, Abdullah acet.1 aSukoarjo :bAl- Wafi Publishing,c2017 a650 hlm.: ilus.c25 cm. a978-979-1093-48-4 a297.9 RAC t aBibliografi.:hlm 643-650 a297.9 aISLAM, SEJARAH ISLAM a10014 a a10014 b